|
|
|
|
| LEADER |
01778nam a2200361 a 4500 |
| 001 |
15129371 |
| 003 |
BD-DhAAL |
| 008 |
091202s2009 maua b 001 0 eng d |
| 010 |
|
|
|a \\2008000387
|
| 020 |
|
|
|a 9780321533739
|
| 020 |
|
|
|a 0321533739
|
| 020 |
|
|
|a 032153896x
|
| 040 |
|
|
|a DLC
|c DLC
|d YDXCP
|d BAKER
|d C#P
|d BTCTA
|d BWX
|d DLC
|d BD-DhAAL
|
| 082 |
0 |
0 |
|a 331
|2 22
|
| 100 |
1 |
|
|a Ehrenberg, Ronald G.
|
| 245 |
1 |
0 |
|a Modern labor economics :
|b theory and public policy /
|c Ronald G. Ehrenberg, Robert S. Smith.
|
| 250 |
|
|
|a Tenth edition.
|
| 260 |
|
|
|a Boston :
|b Pearson/Addison Wesley,
|c c2009.
|
| 300 |
|
|
|a xxi, 650 pages :
|b ill. (some col.) ;
|c 24 cm.
|
| 490 |
0 |
|
|a The Addison-Wesley series in economics
|
| 504 |
|
|
|a Includes bibliographical references and indexes.
|
| 526 |
|
|
|x Fahmida Saadia Rahman
Department of ESS.
Course name and no. N/A
|
| 541 |
1 |
|
|a Essence science publication(18786)
|e 00018528, 18786
|
| 650 |
|
0 |
|a Labor economics.
|
| 650 |
|
0 |
|a Labor policy.
|
| 650 |
|
0 |
|a Personnel management.
|
| 700 |
1 |
|
|a Smith, Robert Stewart.
|
| 852 |
4 |
|
|a Ayesha Abed Library
|j General shelf
|
| 942 |
|
|
|2 ddc
|c BK
|
| 999 |
|
|
|c 5852
|d 5852
|
| 952 |
|
|
|0 0
|1 0
|2 ddc
|4 0
|6 331_EHR_200900000000000
|7 0
|9 5829
|a BRACUL
|b BRACUL
|c GEN
|d 2009-12-02
|g 5589.00
|l 3
|m 31
|o 331 EHR
|p 3010018528
|r 2017-09-19
|s 2017-06-11
|t 1
|w 2009-12-02
|y BK
|
| 952 |
|
|
|0 0
|1 0
|2 ddc
|4 0
|6 331_EHR_200900000000000
|7 0
|9 5830
|a BRACUL
|b BRACUL
|c GEN
|d 2009-12-02
|g 5589.00
|l 3
|m 11
|o 331 EHR
|p 3010018527
|r 2017-05-23
|s 2017-05-23
|t 2
|w 2009-12-02
|y BK
|
| 952 |
|
|
|0 0
|1 0
|2 ddc
|4 0
|6 331_EHR_200900000000000
|7 0
|9 7846
|a BRACUL
|b BRACUL
|c GEN
|d 2010-02-08
|e Essence science publication
|g 5589.00
|l 3
|m 13
|o 331 EHR
|p 3010018786
|r 2017-09-16
|s 2017-05-23
|t 3
|w 2010-02-08
|y BK
|x Requisitioned by Fahmida Saadia Rahman Department of ESS. . Course name and no. N/A
|